|
|
|
|
| LEADER |
02896nam a2200685 i 4500 |
| 001 |
nkc20193077701 |
| 003 |
CZ PrNK |
| 005 |
20201109095323.0 |
| 007 |
ta |
| 008 |
190219s2019 xr ach f 011 0 cze |
| 015 |
|
|
|a cnb003077701
|
| 020 |
|
|
|a 978-80-7422-666-3
|q (vázáno) :
|c Kč 359,00
|
| 035 |
|
|
|a (OCoLC)1107868285
|
| 040 |
|
|
|a OLA001
|b cze
|e rda
|
| 041 |
0 |
|
|a cze
|b eng
|
| 043 |
|
|
|a e-xr---
|
| 045 |
|
|
|a t-v-
|
| 072 |
|
7 |
|a 316.7
|x Sociologie kultury. Kulturní život
|2 Konspekt
|9 1
|
| 080 |
|
|
|a 316.728
|2 MRF
|
| 080 |
|
|
|a 394.2/.7
|2 MRF
|
| 080 |
|
|
|a 177
|2 MRF
|
| 080 |
|
|
|a 316.6:159.953
|2 MRF
|
| 080 |
|
|
|a 316.72/.75
|2 MRF
|
| 080 |
|
|
|a (437.3)
|2 MRF
|
| 080 |
|
|
|a (048.8:082)
|2 MRF
|
| 245 |
0 |
0 |
|a Symbolické jednání v kultuře raného novověku /
|c Josef Hrdlička, Pavel Král, Rostislav Smíšek (edd.)
|
| 250 |
|
|
|a Vydání první
|
| 264 |
|
1 |
|a Praha :
|b NLN,
|c 2019
|
| 300 |
|
|
|a 356 stran :
|b ilustrace (převážně barevné), portréty, faksimile ;
|c 24 cm
|
| 336 |
|
|
|a text
|b txt
|2 rdacontent
|
| 337 |
|
|
|a bez média
|b n
|2 rdamedia
|
| 338 |
|
|
|a svazek
|b nc
|2 rdacarrier
|
| 500 |
|
|
|a "Věnováno Václavu Bůžkovi k jeho životnímu jubileu"
|
| 504 |
|
|
|a Obsahuje bibliografii, bibliografické odkazy a rejstřík
|
| 546 |
|
|
|a Anglické resumé
|
| 648 |
|
7 |
|a 16.-18. století
|7 ch757029
|2 czenas
|
| 650 |
0 |
7 |
|a společenský život
|7 ph125930
|z Česko
|y 16.-18. století
|2 czenas
|
| 650 |
0 |
7 |
|a slavnosti
|7 ph125624
|z Česko
|y 16.-18. století
|2 czenas
|
| 650 |
0 |
7 |
|a slavnosti
|7 ph125624
|x symbolika
|2 czenas
|
| 650 |
0 |
7 |
|a morálka a společnost
|7 ph200857
|z Česko
|y 16.-18. století
|2 czenas
|
| 650 |
0 |
7 |
|a sociální paměť
|7 ph114496
|z Česko
|y 16.-18. století
|2 czenas
|
| 650 |
0 |
9 |
|a social life
|z Czechia
|y 16th-18th centuries
|2 eczenas
|
| 650 |
0 |
9 |
|a festivals
|z Czechia
|y 16th-18th centuries
|2 eczenas
|
| 650 |
0 |
9 |
|a festivals
|x symbolism
|2 eczenas
|
| 650 |
0 |
9 |
|a morality and society
|z Czechia
|y 16th-18th centuries
|2 eczenas
|
| 650 |
0 |
9 |
|a social memory
|z Czechia
|y 16th-18th centuries
|2 eczenas
|
| 651 |
|
7 |
|a Česko
|7 ge128065
|x společenské poměry
|y 16.-18. století
|2 czenas
|
| 651 |
|
9 |
|a Czechia
|x social conditions
|y 16th-18th centuries
|2 eczenas
|
| 655 |
|
7 |
|a kolektivní monografie
|7 fd501537
|2 czenas
|
| 655 |
|
9 |
|a collective monographs
|2 eczenas
|
| 700 |
1 |
|
|a Hrdlička, Josef,
|d 1972-
|7 jn20000401078
|4 edt
|
| 700 |
1 |
|
|a Král, Pavel,
|d 1972-
|7 jn20000401509
|4 edt
|
| 700 |
1 |
|
|a Smíšek, Rostislav,
|d 1977-
|7 pna2008456613
|4 edt
|
| 910 |
2 |
|
|a BOA001
|b 2-1424.165
|
| 990 |
|
|
|a BK
|
| 995 |
|
|
|a 01
|
| 991 |
|
|
|b 201903
|c NOV
|
| 996 |
6 |
|
|b 2610772459
|c 2-1424.165
|l MZK
|r Sklad / do 1 hodiny
|n 4
|p p.v.
|w 001709919
|u 000010
|a 1
|e BOA001
|j MZK50
|s P
|
| 996 |
7 |
|
|b 2610773587
|c 2-1424.165
|l MZK
|r Sklad / do 1 hodiny
|n 12
|p kup
|w 001709919
|u 000020
|a 1
|e BOA001
|j MZK50
|s A
|
| 996 |
7 |
|
|b 2610843928
|c 2-1424.165
|l MZK
|r Sklad / do 1 hodiny
|n 3
|p kup
|w 001709919
|u 000030
|a 1
|e BOA001
|j MZK50
|s A
|